000 00444nam a2200133Ia 4500
003 GCL
008 140319s9999 xx 000 0 ara d
040 _aGCL /
_cGCL
082 0 4 _a180.2
_bح م
100 1 _aعلى عبدالمعطى محمد
245 1 0 _aملامح الفكر الفلسفى والدينى فى مدرسة الاسكندرية القديمة /
_cعلى عبدالمعطى محمد
300 _a360 ص
490 _a100 قصة
_v0
999 _c43346
_d43346